Chinese to English (12) - Statistics

General Stats
  • This quiz has been taken 5 times
  • The average score is 3 of 7
Answer Stats
Hint Answer % Correct
say
100%
講話 speak
100%
解釋 explain
40%
尖叫 scream
40%
shout
20%
tell
20%
我們在談天説地 we are having a conversation
20%
No matching quizzes found
Score Distribution
Percent of People with Each Score
Percentile by Number Answered
Your Score History
You have not taken this quiz